000 00836 a2200229 4500
005 20120523111732.0
008 120523t xxu||||| |||| 00| 0 eng d
010 _aENG-105402
020 _a9788189433338
_c795.00
035 _aEN-88935
037 _bDBAD/PUB
040 _aDPL
_bEng
082 _a302.1495408
100 _aAmarkant Singh
_947698
245 _aCommunalism in British India/
_cby Amarkant Singh
260 _aDelhi
_bCalibore Publishers & Distributor
_c2012
270 _aL-46, Gali No.5 , Shivaji Marg, Kartar Nagar
_bDelhi
_e110053
300 _aviii,272p.
_c23cm(Hb)
500 _aIncludes index
942 _2ddc
_cEN
_h302.1495408
_mMAT
999 _c67078
_d67078